LEADER 00862nam0-22003011i-450- 001 990006764340403321 005 20001010 035 $a000676434 035 $aFED01000676434 035 $a(Aleph)000676434FED01 035 $a000676434 100 $a20001010d--------km-y0itay50------ba 101 0 $aita 105 $ay-------001yy 200 1 $aContabilita e management delle imprese in agricoltura$fAdriano Ciani 210 $aMilano$cETAS libri$d1992. 215 $aXII, 292 p.$d24 cm 225 1 $aScienze del territorio$iScienze agrarie 676 $a657.863 700 1$aCiani,$bAdriano$076477 801 0$aIT$bUNINA$gRICA$2UNIMARC 901 $aBK 912 $a990006764340403321 952 $aVI G 118$b20008$fFSPBC 959 $aFSPBC 996 $aContabilità e management delle imprese in agricoltura$9195559 997 $aUNINA DB $aGEN01 LEADER 01047nam0-22003371i-450- 001 990003966450403321 005 20030924162501.0 010 $a0-06-099486-X 035 $a000396645 035 $aFED01000396645 035 $a(Aleph)000396645FED01 035 $a000396645 100 $a20030924d--------km-y0itay50------ba 101 0 $aeng 102 $aUS 105 $a--------001cy 200 1 $a<>professor and the madman$ea tale of murder, insanity, and the making of the Oxford english dictionary$fSimon Winchester 205 $a1. ed. 210 $aNew York$cHarperCollins publishers$d1998 215 $axiii, 242 p.$d20 cm 305 $aFirst HarperPerennial edition published 1999 610 0 $aDizionario inglese di Oxford$aNascita$aStoria 676 $a423$v21$zita 700 1$aWinchester,$bSimon$f<1944- >$0149337 801 0$aIT$bUNINA$gRICA$2UNIMARC 901 $aBK 912 $a990003966450403321 952 $a423 WIN 1$b1980$fBFS 959 $aBFS 996 $aProfessor and the madman$9512541 997 $aUNINA LEADER 01534oam 22004934a 450 001 9910480627003321 005 20200131030013.0 010 $a1-5261-5209-6 010 $a1-5261-4224-4 035 $a(CKB)4100000010118344 035 $a(OCoLC)1137317173 035 $a(MdBmJHUP)muse82603 035 $a(MiAaPQ)EBC6026431 035 $a(EXLCZ)994100000010118344 100 $a20200123h20202020 uy 0 101 0 $aeng 135 $aur|||||||nn|n 181 $ctxt$2rdacontent 182 $cc$2rdamedia 183 $acr$2rdacarrier 200 10$aMary and Philip$eThe marriage of Tudor England and Habsburg Spain /$fAlexander Samson 210 1$aManchester :$cManchester University Press,$d[2020] 210 4$d©2020 215 $a1 online resource (1 online resource :)$cmaps 225 0 $aStudies in early modern European history 311 $a1-5261-4223-6 320 $aIncludes bibliographical references and index. 410 0$aStudies in early modern European history. 606 $aMarriage$2fast$3(OCoLC)fst01010443 607 $aSpain$2fast 607 $aGreat Britain$2fast 607 $aSpain$xHistory$yPhilip II, 1556-1598 607 $aGreat Britain$xHistory$yMary I, 1553-1558 608 $aHistory. 608 $aElectronic books. 615 0$aMarriage. 676 $a942.054092 700 $aSamson$b Alexander$0329428 801 0$bMdBmJHUP 801 1$bMdBmJHUP 906 $aBOOK 912 $a9910480627003321 996 $aMary and Philip$92150728 997 $aUNINA